Quizzes
Events
Quiz Creation
Community
Videos
Private Events
Remove Ads
Sign In
Join for FREE
Feedback
Dark Mode
Quiz Categories
Sports
Geography
Music
Movies
Television
Just For Fun
Miscellaneous
History
Literature
Language
Science
Gaming
Entertainment
Religion
Holiday
For Kids
Quiz Lab
Recent
Popular Today
Quiz Kudos Today
Editor Picks
Curator Picks
Quizzes by...
Day
Popularity
Type
Ratings
Length
Year
Community
Subscriptions
Recent Discussions
Orange Saloon
Badges
Playlists
Quests
Create
Leaderboards
Showdown
Live 5
Trivia Bingo
Activity
Puzzle Library
Sporcle Events
Private Events
Virtual Trivia
Globe League
Become a Host
Pub Owners
SporcleCon
Opinionation
Our Games
Videos
Blog
Mobile Apps
Partnerships
Remove Ads and Go Orange
Feedback
Sports
Athletes
MLB
NBA
NHL
NFL
Soccer
Sports Teams
WWE
NCAA
Football
Premier League
Basketball
Baseball
Hockey
Golf
Tennis
Cricket
Rugby
Auto Racing
Olympics
World Cup
Sports
Athletes
MLB
NBA
NHL
NFL
Soccer
Sports Teams
WWE
NCAA
Football
Premier League
Basketball
Baseball
Hockey
Golf
Tennis
Cricket
Rugby
Auto Racing
Olympics
World Cup
Random Quiz
Search Sporcle
×
Quiz Lab
Quiz Lab
Sports
Premier League
Type in answers that appear in a list
Type in answers that appear in a list
Classic
Best Score? Go Orange.
Premiership Kit Sponsors (easier!) Stats
Can you name the Premiership Kit Sponsors (easier!)?
By
windyhead
10m
33 Questions
126 Plays
126 Plays
126 Plays
Comments
Comments
Give Quiz Kudos
Give Quiz Kudos
-
- Ratings
hide this ad
More Info
Replay
Link that replays current quiz
Next Quiz
Link to next quiz in quiz playlist
You Got
0%
They Got
Avg Score
30%
Avg Friend Score
Upgrade to see
Score Distribution
Jump to the score distribution portion of the page
Score
0/33
Timer
10:00
0
Plays Today
club
sponsor
% Correct
Arsenal
Fly Emirates
77%
Liverpool
Carlsberg
77%
Chelsea
Fly Emirates
76.2%
Chelsea
Samsung
70.6%
Man United
AIG
68.3%
Everton
Chang
59.5%
Man United
Sharp
55.6%
Man United
Vodafone
55.6%
Arsenal
O2
52.4%
Arsenal
JVC
50.8%
Arsenal
Dreamcast
40.5%
Tottenham
Mansion
31.7%
Chelsea
Coors
26.2%
Tottenham
Holsten
26.2%
Tottenham
Holsten
26.2%
Aston Villa
Acorns
24.6%
Chelsea
Autoglass
20.6%
club
sponsor
% Correct
Tottenham
HP
19.8%
Tottenham
Thomson
17.5%
Chelsea
Commodore
15.1%
Aston Villa
Muller
13.5%
Everton
NEC
13.5%
Everton
One2One
13.5%
Aston Villa
MG Rover
11.1%
Aston Villa
AST Computers
10.3%
Aston Villa
LDV
10.3%
Chelsea
Amiga
10.3%
Aston Villa
Ntl
7.9%
Aston Villa
32 Red
7.9%
Everton
DANKA
7.1%
Aston Villa
Mita Copiers
5.6%
Everton
Kejian
5.6%
Aston Villa
DWS
4.8%
Quiz Playlist
Details
Report
Send in Message
Add To Playlist
More Info:
The clubs who have surived all 18 seasons of premier league - their shirt sponsors from the inception of the prem.
Classic:
Type in answers that appear in a list
Last Updated: Feb 16, 2017
Quiz Scoreboard
CHALLENGE
Sign Up to Join the Scoreboard
Show All
Scores
Hide
Comments
May contain spoilers
Recently Published
NBA Finals Game Top Scorers (2010s)
by flibbidy
Sports
5m
Guess the 'R' Things in 3 Words
by MSUKent
Miscellaneous
3m
Actor to Badly Drawn Movie III
by MoMosMoProblems
Movies
5m
More to Explore
Quiz From the Vault
Featured Blog Post
Where Does Lost Luggage Go?
hide this ad
You Might Also Like...
Tags
Premier League Quiz
club
Easier
kit
sponsor
Today's Top Quizzes in Sports
Browse Sports
hide this ad
Today's Top Quizzes in Premier League
Browse Premier League
Top Contributed Quizzes in Sports
1
Les joueurs à 100 buts en Ligue 1 Uber Eats
2
2022 World Cup Stars
3
2024 March Madness Bracket
4
Millionaire: NBA Finals Edition
5
Players with Multiple 50 Home Run Seasons
6
Nickname Match: Athletes VI
7
Criteria MLB: Left Handed Sluggers
8
Iconic Moments in Football - Multiple Choice
9
NFL MVPs ordered
10
First NBA MVP by Team
Explore More
Trending Topics
Disney
Harry Potter
Kpop
NBA
Anime
Marvel
Crossword
The Office
Song
Soccer
WWE
NFL
Puzzle
Country
Pokémon
hide this ad
More By:
windyhead
Quiz
Plays
Rating
Category
Featured
Created
How Much Do You Know About The Titanic?
113,869
4.34
History
Mar 26, 2010
Most produced military aircraft of WWII
2,876
4.00
History
Mar 23, 2010
British Army Military Ranks
1,280
3.25
Miscellaneous
Apr 18, 2010
Blur UK Singles
1,199
4.64
Music
Mar 30, 2010
German Navy WWII: The Bismarck Test
527
5.00
History
Apr 22, 2010
Go to Creator's Profile
Score Distribution
Quiz Creator Spotlight
windyhead
Follow
Send a Message
Quizzes Created
-
Created Quiz Play Count
-
More By This Creator
Popular Quizzes Today
1
Find the US States - No Outlines Minefield
2
Find the US States
3
The Countries of the World
4
10 Largest US States in Order
5
Find the Countries of Europe - No Outlines Minefield
6
US States
7
Guess the 'R' Things in 3 Words
8
NBA Finals Game Top Scorers (2010s)
More Sports Quizzes
1980s Boston Celtics Top Scorers
Quiz Lab
Trending Quizzes
First Name TV: Leading Men
Match the Book to the Film II
3-Word Movies in 1 Word II
First Name TV: Leading Women Drama
Match the Book to the Film VI
Recently Updated
Women's Final Four Teams by Year
bhenderson79
Presidents Quartet II
eogle
Anything But Clue(do)
eogle
Anything But Oceanian Capitals
eogle
Anything But 7
eogle
Anything But Thing
eogle
Word Ladder: February 29
pecheneg
Song Title Questions
pecheneg
Women's NCAA Tournament #1 Seeds
pecheneg
Celebrity Mug Shots
pecheneg
Trending Topics
NBA
Disney
Harry Potter
Marvel
Anime
Kpop
Crossword
Country
WWE
Puzzle
NFL
Soccer
Pokémon
The Office
Song
Your Account Isn't Verified!
In order to create a playlist on Sporcle, you need to verify the email address you used during registration. Go to your
Sporcle Settings
to finish the process.
Report this User
Report this user for behavior that violates our
Community Guidelines
.
Details:
Send Report
Go to the Sporcle.com Mobile Site →
Comments